000
00328nam a2200145Ia 4500
008
230917s9999||||xx |||||||||||||| ||und||
040
_e
138752
_a
MAIN
041
_a
English
082
_a
823.7 D555B
100
_a
Dickens, Charles
245
0
_a
Bleak house
260
_b
Wordsworth
_c
2001
300
_a
760p p.
942
_c
BK
999
_c
143683
_d
143683